000 00406cam a22001337a 4500
008 180718b1996 xxu||||| |||| 00| 0 eng d
082 _aT10 R532
245 _aMeanings of agriculture: essays in South Asian history and economics
_cedited by Peter Robb
260 _aDelhi
_bOxford University Press
_c1996
300 _a389p.
650 _aEconomics
650 _aEconomics - History
700 _aRobb, Peter
999 _c380611
_d380611